Statistics for Game of Thrones: Houses of the Reach

Click here to take the quiz!

General Stats

  • This quiz has been taken 10 times
  • The average score is 28 of 75

Answer Stats

Answer% Correct
Tarly
100%
Tyrell
100%
Tyrell of Brightwater Keep
100%
Caswell
71%
Florent
71%
Fossoway of Cider Hall
71%
Fossoway of New Barrel
71%
Gardener
71%
Hightower
71%
Redwyne
71%
Merryweather
57%
Oakheart
57%
Osgrey
57%
Osgrey of Leafy Lake
57%
Peake
57%
Rowan
57%
Webber
57%
Amber
43%
Appleton
43%
Ball
43%
Bridges
43%
Bulwer
43%
Costayne
43%
Crane
43%
Cuy
43%
Leygood
43%
Manderly
43%
Meadows
43%
Mullendore
43%
Roxton
43%
Ashford
29%
Blackbar
29%
Bushy
29%
Cobb
29%
Conklyn
29%
Cordwayner
29%
Dunn
29%
Durwell
29%
Footly
29%
Graceford
29%
Graves
29%
Grimm
29%
Hewett
29%
Kidwell
29%
Lowther
29%
Lyberr
29%
Redding
29%
Rhysling
29%
Risley
29%
Serry
29%
Sloane
29%
Stackhouse
29%
Uffering
29%
Vyrwel
29%
Westbrook
29%
Willum
29%
Wythers
29%
Yelshire
29%
Bessbury
14%
Chester
14%
Cockshaw
14%
Hastwyck
14%
Hunt
14%
Hutcheson
14%
Inchfield
14%
Middlebury
14%
Norcross
14%
Norridge
14%
Oldflowers
14%
Orme
14%
Pommingham
14%
Rodden
14%
Shermer
14%
Varner
14%
Woodwright
14%

Score Distribution

Percentile by Number Answered

Percent of People with Each Score

Your Score History

You have not taken this quiz